[Event "LGA Premium Cup"]
[Site "schach.lga.de"]
[Date "2005.09.10"]
[Round "4.57"]
[White "Rabenstein, Christian"]
[Black "Röckl, Adelbert"]
[Result "1-0"]
[WhiteElo "1678"]
[BlackElo "1446"]
[PlyCount "77"]
[EventDate "2005.09.10"]
[SourceDate " "]

1. c4 g6 2. g3 Bg7 3. Bg2 c6 4. Nc3 Nf6 5. Nf3 O-O 6. Qc2 d6 7. O-O Nbd7 8. d3
e5 9. e4 a5 10. Ng5 h6 11. Nh3 Nc5 12. f4 Ng4 13. Ne2 f5 14. Nf2 fxe4 15. dxe4
Qe7 16. Nxg4 Bxg4 17. h3 Bd7 18. Be3 Rad8 19. Rad1 Ne6 20. Bb6 Rc8 21. Qd2 exf4
22. Nxf4 Nxf4 23. gxf4 Be6 24. b3 a4 25. Qxd6 Qxd6 26. Rxd6 Rce8 27. Kh2 axb3
28. axb3 g5 29. Rdd1 gxf4 30. Bc7 Ra8 31. Rd6 f3 32. Rxe6 fxg2 33. Rxf8+ Kxf8
34. Kxg2 Kf7 35. Rd6 Ra2+ 36. Kf3 Ke7 37. Rd3 Ra1 38. Kg4 Rg1+ 39. Rg3 1-0

[Event "LGA Premium Cup"]
[Site "schach.lga.de"]
[Date "2005.09.10"]
[Round "4.58"]
[White "Beuschel, Uwe"]
[Black "Hestermann, Hans-Ludwig"]
[Result "0-1"]
[WhiteElo "1405"]
[BlackElo "1677"]
[PlyCount "74"]
[EventDate "2005.09.10"]
[SourceDate " "]

1. e4 e6 2. d4 d5 3. Nc3 dxe4 4. Nxe4 Nf6 5. Nxf6+ Qxf6 6. Nf3 h6 7. Be3 b6 8.
Bb5+ c6 9. Be2 Bb7 10. Qd2 Bd6 11. O-O-O Nd7 12. Kb1 O-O-O 13. c4 c5 14. d5
exd5 15. cxd5 Ne5 16. Qc3 Kb8 17. h3 Qf5+ 18. Qc2 Qxc2+ 19. Kxc2 Ng6 20. Rhe1
Rhe8 21. Bd3 Bxd5 22. Bxg6 Bxf3 23. Rxd6 Rxd6 24. Bxf7 Rxe3 25. Rxe3 Bxg2 26.
Bc4 Kc7 27. Kc3 Bc6 28. h4 b5 29. Be2 Kb6 30. a3 a5 31. b4 axb4+ 32. axb4 cxb4+
33. Kxb4 Rd4+ 34. Kb3 Rxh4 35. Rg3 g5 36. Bd3 Bd5+ 37. Kc3 Kc5 0-1

[Event "LGA Premium Cup"]
[Site "schach.lga.de"]
[Date "2005.09.10"]
[Round "4.59"]
[White "Schirra, Frank"]
[Black "Kittler, Alexander"]
[Result "1/2-1/2"]
[WhiteElo "1650"]
[BlackElo "1389"]
[PlyCount "29"]
[EventDate "2005.09.10"]
[SourceDate " "]

1. c4 f5 2. Nc3 Nf6 3. d3 e6 4. g3 Be7 5. Bg2 O-O 6. Nf3 d6 7. O-O Qe8 8. Nb5
Bd8 9. Re1 Qh5 10. e4 fxe4 11. dxe4 e5 12. Nd2 Qxd1 13. Rxd1 Bg4 14. Re1 Nc6
15. f3 1/2-1/2

[Event "LGA Premium Cup"]
[Site "schach.lga.de"]
[Date "2005.09.10"]
[Round "4.60"]
[White "Hofer, Markus"]
[Black "Lingl, Peter"]
[Result "1-0"]
[WhiteElo "1645"]
[BlackElo "1366"]
[PlyCount "60"]
[EventDate "2005.09.10"]
[SourceDate " "]

1. d4 d5 2. c4 e5 3. dxe5 d4 4. Nf3 Nc6 5. a3 Bg4 6. Nbd2 Bc5 7. b4 Bb6 8. c5
Nge7 9. cxb6 axb6 10. Bb2 Ng6 11. h3 Be6 12. Nb3 Bxb3 13. Qxb3 Ngxe5 14. Nxe5
Nxe5 15. e3 O-O 16. Bxd4 Nc6 17. Bb2 Qg5 18. g3 Rfe8 19. Bc4 Re7 20. O-O Rd8
21. Rad1 Rf8 22. Bd5 Nd8 23. Bg2 h5 24. h4 Qg4 25. Rd4 Qc8 26. Rfd1 Ne6 27. Rd5
g6 28. Qc3 f6 29. Bh3 Ref7 30. Rd7 Rxd7 1-0

[Event "LGA Premium Cup"]
[Site "schach.lga.de"]
[Date "2005.09.10"]
[Round "4.61"]
[White "Walch, Roger"]
[Black "Deinlein, Albert"]
[Result "1-0"]
[WhiteElo "1358"]
[BlackElo "1630"]
[PlyCount "51"]
[EventDate "2005.09.10"]
[SourceDate " "]

1. e4 c5 2. Nf3 Nc6 3. d4 cxd4 4. Nxd4 e5 5. Nb3 Nf6 6. Bc4 Nxe4 7. Bxf7+ Kxf7
8. Qd5+ Ke8 9. Qxe4 d6 10. Nc3 g6 11. Qe2 Bf5 12. g4 Be6 13. Be3 Qd7 14. h3 a6
15. O-O-O Qc7 16. Ne4 Be7 17. Kb1 Rc8 18. f4 Rf8 19. Rhf1 exf4 20. Bxf4 Rxf4
21. Rxf4 Ne5 22. Nd4 Bc4 23. Qd2 d5 24. Nf6+ Bxf6 25. Rxf6 Bxa2+ 26. Kxa2 1-0

[Event "LGA Premium Cup"]
[Site "schach.lga.de"]
[Date "2005.09.10"]
[Round "4.62"]
[White "Hager, Lothar"]
[Black "Mons, Leon"]
[Result "0-1"]
[WhiteElo "1625"]
[BlackElo "1322"]
[PlyCount "78"]
[EventDate "2005.09.10"]
[SourceDate " "]

1. Nf3 d5 2. g3 c6 3. Bg2 Nd7 4. d3 g6 5. O-O Bg7 6. c3 e5 7. Nbd2 f5 8. e4
Ngf6 9. exf5 gxf5 10. Re1 e4 11. dxe4 fxe4 12. Nb3 O-O 13. Nfd4 Ne5 14. f3 Nd3
15. Re2 exf3 16. Nxf3 Nxc1 17. Nxc1 Ne4 18. Nd3 Qb6+ 19. Kh1 Bxc3 20. bxc3 Nxc3
21. Qc2 Nxe2 22. Qxe2 Bf5 23. Qd2 Bxd3 24. Qxd3 Rf6 25. Rb1 Qc7 26. Rc1 Qd6 27.
Rf1 Raf8 28. Ng5 Rxf1+ 29. Bxf1 Qg6 30. Qxg6+ hxg6 31. Bd3 Rf2 32. a4 Ra2 33.
Ne6 Rxa4 34. Bxg6 Ra1+ 35. Kg2 a5 36. Nd8 a4 37. Nxb7 a3 38. Na5 a2 39. Nb3 Rb1
0-1

[Event "LGA Premium Cup"]
[Site "schach.lga.de"]
[Date "2005.09.10"]
[Round "4.63"]
[White "Runte, Dirk"]
[Black "Gage, Daniel"]
[Result "1-0"]
[WhiteElo "1604"]
[BlackElo "1263"]
[PlyCount "97"]
[EventDate "2005.09.10"]
[SourceDate " "]

1. d4 e6 2. Nf3 c5 3. e4 cxd4 4. Nxd4 Nf6 5. Bg5 h6 6. Bxf6 Qxf6 7. Be2 Bc5 8.
c3 e5 9. Nf3 O-O 10. O-O Nc6 11. Nbd2 a6 12. Qc2 b5 13. b4 Ba7 14. a4 bxa4 15.
Rxa4 Bb7 16. Qa2 Ne7 17. b5 d5 18. exd5 Nxd5 19. Ne4 Qe6 20. bxa6 Bc6 21. Ra3
Qg6 22. Nxe5 Qxe4 23. Nxc6 Nf4 24. Bf3 Qe6 25. Qxe6 Nxe6 26. Ne7+ Kh7 27. Bxa8
Rxa8 28. Nc6 Bc5 29. Ra2 Nc7 30. Rb1 Re8 31. g3 Re6 32. Nd4 Bxd4 33. cxd4 Nxa6
34. Rb7 Kg6 35. Kf1 f6 36. Rab2 Rc6 37. R2b6 Rc1+ 38. Kg2 Nc7 39. Rd6 Kf5 40.
Rd7 Ne6 41. Rxg7 Nxg7 42. Rxg7 Rd1 43. Rd7 h5 44. d5 Kg4 45. d6 h4 46. Rd8 hxg3
47. hxg3 f5 48. d7 f4 49. Rg8+ 1-0

[Event "LGA Premium Cup"]
[Site "schach.lga.de"]
[Date "2005.09.10"]
[Round "4.64"]
[White "Kuhlmann, Andreas"]
[Black "Kulok, Solomon"]
[Result "1-0"]
[WhiteElo "1593"]
[BlackElo "1121"]
[PlyCount "69"]
[EventDate "2005.09.10"]
[SourceDate " "]

1. e4 c5 2. Nf3 Nc6 3. d4 cxd4 4. Nxd4 g6 5. c3 Bg7 6. Be3 Nf6 7. Nd2 O-O 8.
Bc4 d6 9. O-O e6 10. N4b3 Ne7 11. Qc2 d5 12. Bd3 dxe4 13. Nxe4 Nfd5 14. Rfe1
Nxe3 15. Rxe3 Nd5 16. Ree1 Nf4 17. Rad1 Bd7 18. Bb5 Nd5 19. Bxd7 Qxd7 20. c4
Rac8 21. Qb1 Rxc4 22. Qd3 Rc7 23. Nd4 f5 24. Ng5 Nf4 25. Qg3 Bxd4 26. Qxf4 e5
27. Qd2 Qc8 28. Qb4 Rf6 29. Qb5 Rc2 30. Rxd4 exd4 31. Re8+ Qxe8 32. Qxe8+ Kg7
33. h4 d3 34. Qe7+ Kh6 35. Qxh7# 1-0

[Event "LGA Premium Cup"]
[Site "schach.lga.de"]
[Date "2005.09.10"]
[Round "4.65"]
[White "Kuhlmann, Steffen"]
[Black "Häßlein, Rainer"]
[Result "1-0"]
[WhiteElo "1084"]
[BlackElo "1535"]
[PlyCount "46"]
[EventDate "2005.09.10"]
[SourceDate " "]

1. e4 g6 2. Nc3 Bg7 3. Nf3 d6 4. h3 e6 5. d4 Ne7 6. Bg5 Nd7 7. Be2 a6 8. O-O b6
9. Qd2 h6 10. Be3 Bb7 11. a3 O-O 12. Bxh6 Nf6 13. Bxg7 Kxg7 14. Qe3 Rh8 15. e5
Nfd5 16. Nxd5 Nxd5 17. Qd3 Nf4 18. Qd2 Nxh3+ 19. gxh3 Rxh3 20. Kg2 Qh8 21. Rh1
Rxf3 22. Bxf3 Bxf3+ 23. Kxf3 Qxh1+ 1-0

[Event "LGA Premium Cup"]
[Site "schach.lga.de"]
[Date "2005.09.10"]
[Round "4.66"]
[White "Bildt, Thomas"]
[Black "Schäfer, Ann-Kathrin"]
[Result "1-0"]
[WhiteElo "2084"]
[BlackElo "1115"]
[PlyCount "47"]
[EventDate "2005.09.10"]
[SourceDate " "]

1. e4 d6 2. d4 g6 3. c4 Bg7 4. Nc3 Nd7 5. Be3 e5 6. d5 Ngf6 7. f3 b6 8. Qd2 Bb7
9. Bd3 c6 10. Nge2 a6 11. Ng3 b5 12. dxc6 Bxc6 13. cxb5 axb5 14. Nxb5 d5 15.
Qb4 d4 16. Nd6+ Kf8 17. Ndf5+ Kg8 18. Ne7+ Kf8 19. Nxc6+ Ke8 20. Nxd8 Rxd8 21.
Bd2 Bf8 22. Qa4 h5 23. Bg5 Be7 24. Bb5 1-0

[Event "LGA Premium Cup"]
[Site "schach.lga.de"]
[Date "2005.09.10"]
[Round "4.68"]
[White "Narr, Irmgard"]
[Black "Mack, Lienhard"]
[Result "1-0"]
[WhiteElo "1692"]
[BlackElo "1134"]
[PlyCount "37"]
[EventDate "2005.09.10"]
[SourceDate " "]

1. e4 e5 2. Nf3 Nc6 3. Bc4 Bc5 4. c3 Nf6 5. Ng5 d5 6. exd5 Nxd5 7. d3 Qf6 8.
O-O Nce7 9. Ne4 Qc6 10. Nxc5 Qxc5 11. Bb3 O-O 12. Nd2 Bf5 13. Nf3 Nf4 14. d4
Qb6 15. Nxe5 Nfg6 16. Re1 Rae8 17. Bg5 Nxe5 18. Rxe5 Ng6 19. Rxf5 1-0

[Event "LGA Premium Cup"]
[Site "schach.lga.de"]
[Date "2005.09.10"]
[Round "4.69"]
[White "Dreiseitel, Ursula"]
[Black "Bilyavskyy, Borys"]
[Result "0-1"]
[WhiteElo "1249"]
[BlackElo "1813"]
[PlyCount "124"]
[EventDate "2005.09.10"]
[SourceDate " "]

1. Nf3 Nf6 2. d3 d6 3. g3 g6 4. Bg2 Bg7 5. O-O O-O 6. e4 e5 7. Be3 c5 8. Nbd2
Ng4 9. Qe2 Nxe3 10. Qxe3 h6 11. Rfe1 Nc6 12. c3 Be6 13. Nf1 Qd7 14. h4 Kh7 15.
N1h2 a5 16. Kh1 f5 17. Nd2 f4 18. gxf4 Rxf4 19. Qg3 Raf8 20. Ndf3 Bf6 21. Rg1
Rg8 22. Bf1 Qe7 23. Bh3 Bxh3 24. Qxh3 Bxh4 25. Ng4 g5 26. Rg2 Rgf8 27. Nxh4
gxh4 28. Rag1 Rf3 29. Qh2 h3 30. Rg3 Qh4 31. Rxf3 Rxf3 32. Rg3 Rxg3 33. Qxg3
Qxg3 34. fxg3 Kg6 35. Kh2 b5 36. Kxh3 Kg5 37. Ne3 Ne7 38. Kg2 h5 39. Kf3 Kg6
40. b3 Kf6 41. c4 b4 42. Nc2 Nc6 43. Ne3 Ne7 44. Nc2 Kg5 45. Ne3 Nc6 46. Kf2
Nd4 47. Ng2 Kf6 48. Nh4 Ke7 49. Ng2 Ke6 50. Nh4 Kf7 51. Ng2 Kg6 52. Nh4+ Kf6
53. Ng2 Nc2 54. Nh4 Na3 55. Nf5 Ke6 56. Ne3 Nb1 57. Nc2 Nc3 58. a3 Na2 59. Kf3
Nc1 60. axb4 axb4 61. Ke3 Nxb3 62. Ne1 Kf6 {Rest nicht nachvollziehbar} 0-1

[Event "LGA Premium Cup"]
[Site "schach.lga.de"]
[Date "2005.09.10"]
[Round "4.70"]
[White "Justi, Fabian"]
[Black "Gspahn, Thomas"]
[Result "0-1"]
[WhiteElo "1192"]
[BlackElo "1601"]
[PlyCount "97"]
[EventDate "2005.09.10"]
[SourceDate " "]

1. e4 e5 2. Nf3 Nc6 3. c3 Nf6 4. d4 exd4 5. e5 Nd5 6. cxd4 d6 7. Bc4 Nb6 8. Bb5
Bd7 9. Bg5 Ne7 10. Bxd7+ Qxd7 11. O-O h6 12. Bf4 Ng6 13. Bg3 O-O-O 14. Nc3 Be7
15. Rc1 f6 16. Qc2 Nf8 17. exf6 Bxf6 18. Ne4 Be7 19. Rfe1 Ne6 20. Ned2 Nd5 21.
Qc4 Nef4 22. Bxf4 Nxf4 23. d5 g5 24. Nd4 Kb8 25. Nb5 Rc8 26. Rc2 a6 27. Nd4 Bf6
28. N2b3 Be5 29. Rec1 h5 30. Na5 Bxd4 31. Qxd4 Rhe8 32. Qc4 Re5 33. Rd2 Qe7 34.
g3 Ne2+ 35. Rxe2 Rxe2 36. Qb4 c5 37. Qb6 Ka8 38. b4 Re1+ 39. Rxe1 Qxe1+ 40. Kg2
Qxb4 41. Qxd6 Qxa5 42. Qe7 Qd2 43. d6 Rc6 44. d7 Qd5+ 45. Kh3 Rd6 46. Qe8+ Ka7
47. Qxh5 Rxd7 48. a4 g4+ 49. Kxg4 0-1

[Event "LGA Premium Cup"]
[Site "schach.lga.de"]
[Date "2005.09.10"]
[Round "4.71"]
[White "Hirschberg, Leander"]
[Black "Gude, Michael"]
[Result "0-1"]
[WhiteElo "1114"]
[BlackElo "1510"]
[PlyCount "132"]
[EventDate "2005.09.10"]
[SourceDate " "]

1. e4 e5 2. Nf3 Nf6 3. Nxe5 d6 4. Nf3 Nxe4 5. d4 d5 6. Bd3 Bd6 7. O-O Bg4 8.
Nc3 Nxc3 9. Re1+ Ne4 10. Bxe4 dxe4 11. Rxe4+ Be6 12. Ng5 O-O 13. Qh5 Bf5 14.
Rh4 Bg6 15. Qe2 h6 16. Qg4 Qe7 17. Nf3 Na6 18. Qh3 Qe6 19. g4 Be7 20. g5 Qxh3
21. Rxh3 hxg5 22. Bxg5 Bxg5 23. Nxg5 Rfe8 24. c3 Re2 25. b3 Rae8 26. Nf3 f6 27.
c4 c6 28. Rg3 Bh5 29. Nh4 Re1+ 30. Rxe1 Rxe1+ 31. Kg2 Nb4 32. Nf5 g6 33. a3 Nc2
34. f4 Kh7 35. Nd6 Nxd4 36. Nxb7 Ne2 37. Kf2 Nxg3 38. Kxe1 Ne4 39. b4 g5 40.
fxg5 Nxg5 41. Nc5 Bf7 42. Nb3 Bxc4 43. Na5 Bb5 44. Kd2 Nf3+ 45. Kc3 Nxh2 46.
Kd4 Kg6 47. Kc5 f5 48. Nxc6 Bxc6 49. Kxc6 Nf3 50. Kb7 Nd4 51. Kxa7 Nb5+ 52. Kb6
Nxa3 53. b5 Nxb5 54. Kxb5 Kg5 55. Kc4 Kg4 56. Kd3 Kf3 57. Kd2 Kf2 58. Kd1 f4
59. Kd2 f3 60. Kd1 Kf1 61. Kd2 f2 62. Ke3 Kg2 63. Kd3 f1=Q+ 64. Ke3 Qc4 65. Kd2
Kf3 66. Ke1 Qe2# 0-1

[Event "LGA Premium Cup"]
[Site "schach.lga.de"]
[Date "2005.09.10"]
[Round "4.72"]
[White "Buck, Andreas"]
[Black "Dreiseitel, Werner"]
[Result "1/2-1/2"]
[WhiteElo "1094"]
[BlackElo "1360"]
[PlyCount "81"]
[EventDate "2005.09.10"]
[SourceDate " "]

1. e4 c6 2. d4 d5 3. e5 Bf5 4. Nf3 e6 5. Nc3 Nd7 6. Bd3 Bxd3 7. Qxd3 c5 8. dxc5
Bxc5 9. Be3 Bxe3 10. Qxe3 Ne7 11. g4 Ng6 12. h4 Qc7 13. Nb5 Qa5+ 14. Nc3 Qb4
15. O-O-O Qf4 16. Qxf4 Nxf4 17. Rd4 Ng6 18. Re1 a6 19. g5 O-O-O 20. Re3 Ne7 21.
Na4 b5 22. Rc3+ Kb7 23. Nc5+ Nxc5 24. Rxc5 Rc8 25. Rxc8 Rxc8 26. Rf4 Nf5 27.
Nd4 Nxd4 28. Rxd4 Rc4 29. c3 Kc6 30. Kc2 Rxd4 31. cxd4 b4 32. Kb3 Kb5 33. a4+
bxa3 34. bxa3 Kb6 35. Ka4 h6 36. gxh6 gxh6 37. f3 h5 38. f4 a5 39. Kb3 Ka6 40.
Kc3 Kb5 41. Kb3 1/2-1/2

[Event "LGA Premium Cup"]
[Site "schach.lga.de"]
[Date "2005.09.10"]
[Round "4.73"]
[White "Junk, Philipp"]
[Black "Schmidt, Axel"]
[Result "0-1"]
[WhiteElo "1011"]
[BlackElo "1668"]
[PlyCount "74"]
[EventDate "2005.09.10"]
[SourceDate " "]

1. e4 e6 2. d3 d5 3. Nd2 Nf6 4. Ngf3 Be7 5. g3 c5 6. Bg2 Nc6 7. O-O O-O 8. e5
Nd7 9. Re1 Qc7 10. Qe2 b6 11. h4 Ba6 12. Nf1 Rfe8 13. h5 h6 14. g4 Nd4 15. Qd1
Rac8 16. Nxd4 cxd4 17. Re2 Nxe5 18. Nh2 Nd7 19. f4 Bd6 20. Rf2 Bb7 21. g5 hxg5
22. Bh1 Bxf4 23. Bxf4 gxf4 24. Qg4 f5 25. Qg5 Qd8 26. Qxd8 Rexd8 27. Rxf4 Rxc2
28. b3 Rdc8 29. Rxd4 Rc1+ 30. Rxc1 Rxc1+ 31. Kg2 e5 32. Ra4 d4+ 33. Kf2 Rxh1
34. Nf3 Bxf3 35. Kxf3 a5 36. b4 axb4 37. Rxb4 Rxh5 0-1

[Event "LGA Premium Cup"]
[Site "schach.lga.de"]
[Date "2005.09.10"]
[Round "4.74"]
[White "Hennch, Thomas"]
[Black "Zrenner, Maximilian"]
[Result "1-0"]
[WhiteElo "935"]
[BlackElo "1306"]
[PlyCount "59"]
[EventDate "2005.09.10"]
[SourceDate " "]

1. e4 c5 2. b4 e5 3. Bc4 Nc6 4. b5 Na5 5. Be2 b6 6. Nf3 d6 7. Nc3 Nf6 8. d3 Be7
9. Bg5 Be6 10. O-O O-O 11. Qc1 d5 12. Rd1 d4 13. Nb1 Nd7 14. Bxe7 Qxe7 15. Ng5
h6 16. Nxe6 Qxe6 17. c4 Qg6 18. Nd2 f5 19. Bf3 Qf6 20. Rf1 Qg5 21. exf5 Rxf5
22. Bxa8 h5 23. Bd5+ Kh8 24. Nf3 Qe7 25. Qe1 g5 26. Qe4 Qf6 27. Bc6 Rf4 28. Qd5
Nxc6 29. bxc6 Nb8 30. c7 1-0

[Event "LGA Premium Cup"]
[Site "schach.lga.de"]
[Date "2005.09.10"]
[Round "4.75"]
[White "Sabnev, Andrej"]
[Black "Stohl, Leonie"]
[Result "1-0"]
[WhiteElo "1259"]
[BlackElo "865"]
[PlyCount "53"]
[EventDate "2005.09.10"]
[SourceDate " "]

1. e4 e5 2. Nf3 Nc6 3. Bc4 Nf6 4. Ng5 d5 5. exd5 Nxd5 6. d4 Nb6 7. Bxf7+ Ke7 8.
Bb3 h6 9. Nf7 Qxd4 10. Qxd4 Nxd4 11. Nxh8 Bf5 12. c3 Nxb3 13. axb3 g5 14. O-O
Bg7 15. Be3 Nd5 16. Nd2 a6 17. Nc4 Rxh8 18. Rad1 c6 19. Rfe1 Bc2 20. Rd2 Bxb3
21. Bc5+ Ke6 22. Ne3 e4 23. Nxd5 Bxd5 24. f3 Kf5 25. fxe4+ Bxe4 26. Rf2+ Ke5
27. Bd4+ 1-0